Spiritual companioning : A Guide to Protestant Theology and Practice (Record no. 22547)
[ view plain ]
| 000 -LEADER | |
|---|---|
| fixed length control field | 00860cam a2200205 i 4500 |
| 020 ## - INTERNATIONAL STANDARD BOOK NUMBER | |
| ISBN | 9780801049897 (pbk.) |
| 082 00 - DEWEY DECIMAL CLASSIFICATION NUMBER | |
| Classification number | 253.53 |
| Author Cutter | REE |
| 100 1# - MAIN ENTRY--AUTHOR NAME | |
| Author name | Reed, Angela H. |
| 245 10 - TITLE STATEMENT | |
| Title | Spiritual companioning : A Guide to Protestant Theology and Practice |
| 260 ## - PUBLICATION, DISTRIBUTION, ETC. (IMPRINT) | |
| Place of publication | U.S.A |
| Name of publisher | Baker Academic |
| Year of publication | 2015 |
| 300 ## - PHYSICAL DESCRIPTION | |
| Number of Pages | xxii, 186 pages ; |
| 505 0# - FORMATTED CONTENTS NOTE | |
| Formatted contents note | Spiritual companioning as presence -- Spiritual companioning in the congregation -- Spiritual companioning in spiritual direction -- Spiritual companioning in small groups -- Spiritual companioning in everyday life -- Spiritual companioning and the journey of life -- Spiritual companioning for leaders. |
| 650 #0 - SUBJECT ADDED ENTRY--TOPICAL TERM | |
| Topical Term | Spiritual formation |
| 650 #0 - SUBJECT ADDED ENTRY--TOPICAL TERM | |
| Topical Term | Spiritual direction |
| 650 #0 - SUBJECT ADDED ENTRY--TOPICAL TERM | |
| Topical Term | Interpersonal relations |
| 650 #0 - SUBJECT ADDED ENTRY--TOPICAL TERM | |
| Topical Term | Mentoring |
| 650 #0 - SUBJECT ADDED ENTRY--TOPICAL TERM | |
| Topical Term | Protestant churches - Doctrines |
| 942 ## - ADDED ENTRY ELEMENTS (KOHA) | |
| Koha item type | Books |
| Home library | Current library | Shelving location | Date acquired | Full call number | Accession Number | Koha item type |
|---|---|---|---|---|---|---|
| Henry Martyn Institute Library | Henry Martyn Institute Library | General stacks | 11/23/2018 | 253.53 REE | 11-3926 | Books |
| Henry Martyn Institute Library | Henry Martyn Institute Library | General stacks | 11/23/2018 | 253.53 REE | 11003925 | Books |
